| 000 | 00551nam a2200181Ia 4500 | ||
|---|---|---|---|
| 999 |
_c1851 _d1851 |
||
| 003 | OSt | ||
| 005 | 20200923110839.0 | ||
| 008 | 190216s9999||||xx |||||||||||||| ||und|| | ||
| 020 | _a9781853836978 | ||
| 040 | _coclc | ||
| 082 |
_a581 _bCUN/A |
||
| 100 |
_aCunningham, Anthony B _94850 |
||
| 245 | 0 |
_aApplied Ethnobotany: _bPeople, Wild Plant Use and Conservation / _cAnthony B Cunningham |
|
| 260 |
_bEarthscan Publications, _c2002. _aLondon: |
||
| 300 | _a300p | ||
| 650 | _aBotany | ||
| 942 |
_cBK _2ddc _h581 _iCUN/A _k581 _mCUN/A |
||